Educación y democracia en América Latina /

Gorde:
Xehetasun bibliografikoak
Egile nagusia: Torres Novoa, Carlos Alberto
Erakunde egilea: Universidad de Colima
Beste egile batzuk: Ramírez López, Jesús Fernando
Formatua: Texto
Argitaratua: Panamá: Universidad de Panamá
Etiketak: Etiketa erantsi
Etiketarik gabe, Izan zaitez lehena erregistro honi etiketa jartzen!

MARC

LEADER 00000 a a2200000 04500
001 20336
003
040
090 |a 084600  
100 |a Torres Novoa, Carlos Alberto  
110 |a Universidad de Colima  
245 |a Educación y democracia en América Latina /  |c Carlos Alberto Torres Novoa 
260 |a Panamá:   |b Universidad de Panamá  
300 |a 20 p.  
700 |a Ramírez López, Jesús Fernando  
999 |c 12452  |d 12452